ბათუმის შოთა რუსთაველის სახელმწიფო უნივერსიტეტის ბიბლიოთეკა

Основания и фундаменты. (ბიბ.ჩანაწერი № 50928)

000 -LEADER
fixed length control field 00549nam a2200193Ia 4500
001 - CONTROL NUMBER
control field 17883
003 - CONTROL NUMBER IDENTIFIER
control field GE_BSU
008 - FIXED-LENGTH DATA ELEMENTS--GENERAL INFORMATION
fixed length control field 181216s||||||||xx |||||||||||||| ||und||
040 ## - CATALOGING SOURCE
Transcribing agency GE_BSU
080 ## - UNIVERSAL DECIMAL CLASSIFICATION NUMBER
Universal Decimal Classification number 624.15.04(075.8)
100 ## - MAIN ENTRY--PERSONAL NAME
Personal name Хенсон,У.Э. Пек,Р.Б. Торбун,Т.Х.
245 ## - TITLE STATEMENT
Title Основания и фундаменты.
250 ## - EDITION STATEMENT
Edition statement Перев. с англиского.
260 ## - PUBLICATION, DISTRIBUTION, ETC.
Place of publication, distribution, etc. М.
260 ## - PUBLICATION, DISTRIBUTION, ETC.
Name of publisher, distributor, etc. Госстройиздат.
260 ## - PUBLICATION, DISTRIBUTION, ETC.
Date of publication, distribution, etc. 1958.
653 ## - INDEX TERM--UNCONTROLLED
Uncontrolled term Основания и фундаменты.
942 ## - ADDED ENTRY ELEMENTS (KOHA)
Koha item type წიგნი

არაა ხელმისაწვდომი ეგზემპლარები.